| 000 | 00807nam a2200253Ia 4500 | ||
|---|---|---|---|
| 003 | OSt | ||
| 005 | 20220928103146.0 | ||
| 006 | a|||||r|||| 00| 0 | ||
| 007 | ta | ||
| 008 | 220927b |||||||| |||| 00| 0 eng d | ||
| 020 | _c450 | ||
| 024 | _a109580 | ||
| 037 |
_b116, 25/08/2010, Pioneer Book Distributors _cTextual |
||
| 040 |
_aSDCL _cSDCL _beng |
||
| 041 |
_2eng _aeng |
||
| 082 | _aV1'P, P7 | ||
| 100 |
_aSaul John S _9402634 |
||
| 245 | 0 |
_aDecolonization and empire _b Contesting the rhetoric and practice of resubordination in Southern Africa and Beyond. |
|
| 260 |
_aHaryana _bThree Essays _c2007 |
||
| 300 |
_a201p _ccm. |
||
| 650 | _aPolitical Science | ||
| 942 |
_hV1'P, P7 _cTEXL _2CC |
||
| 999 |
_c718463 _d718463 |
||